| 000 | 00834nam a22002297a 4500 | ||
|---|---|---|---|
| 005 | 20170124105943.0 | ||
| 010 | _aA-945393 | ||
| 020 |
_c00.00 _a8173912882 |
||
| 035 | _aA-945393 | ||
| 037 | _bCen Lib/Ret | ||
| 040 |
_aDPL _bEN |
||
| 082 |
_a338.47664 _bMEN |
||
| 100 |
_aMenon, Sreelata _911730 |
||
| 245 |
_aFood, nutrition and agriculture : _cby Sreelata Menon _bcrisis management and technological innovation / |
||
| 260 |
_aNew Delhi _bKanishka Publishers _c1999 |
||
| 270 |
_bNew Delhi _a4697/5-21A, Ansari Road, Darya Ganj _e110002 |
||
| 300 |
_avi, 312p. _c22cm(Hb) |
||
| 500 | _aIncludes bibliographical references and index | ||
| 650 |
_aNutrition policy -- Developing countries _911731 |
||
| 650 |
_aAgricultural education -- Technological innovations _911732 |
||
| 942 |
_2ddc _cEN _h338.47664 _mMEN |
||
| 999 |
_c124719 _d124719 |
||